Normal view
MARC view
- الهندسة- ادارة -بحوث
Entry Topical Term
001 - CONTROL NUMBER
- control field: 57226
003 - CONTROL NUMBER IDENTIFIER
- control field: JO-AjAnu
005 - DATE AND TIME OF LATEST TRANSACTION
- control field: 20230606083355.0
008 - FIXED-LENGTH DATA ELEMENTS
- fixed length control field: 230606|| aca||aabn | a|a d
040 ## - CATALOGING SOURCE
- Original cataloging agency: JO-AjAnu
- Transcribing agency: JO-AjAnu
150 ## - HEADING--TOPICAL TERM
- Topical term or geographic name entry element: الهندسة- ادارة -بحوث
670 ## - SOURCE DATA FOUND
- Source citation: Work cat.: (JO-AjAnu)29198: تأليف عادل، مازن بكر، م.مشارك محمد كامل عليوه ، م.مشارك جميل حنا حبشي, author 57225, بحوث العمليات للادارة الهندسية =Operations Research for Mangement Engineering